|
|
|
|
| LEADER |
00000nam2a2200000 4500 |
| 001 |
288392 |
| 005 |
20231102000101.0 |
| 010 |
|
|
|a 9785990085312
|
| 035 |
|
|
|a (RuTPU)RU\TPU\book\312859
|
| 090 |
|
|
|a 288392
|
| 100 |
|
|
|a 20150324d2006 k y0rusy50 ca
|
| 101 |
0 |
|
|a rus
|
| 102 |
|
|
|a RU
|
| 105 |
|
|
|a a z 001zy
|
| 200 |
0 |
|
|a Ч. 1
|
| 210 |
|
|
|d 2006
|
| 215 |
|
|
|a 336 с.
|c ил.
|
| 320 |
|
|
|a Библиография в конце глав.
|
| 330 |
|
|
|a В части I книги приведены тепло- и электрофизические свойства газов и паров металлов и изложены ochobbi физики дуги отключения. Книга содержит резулвтатв1 эксперименталвных исследований процессов гашения дуги болвшой мощности в низковолвтных выключателях.Книга предназначена для инженеров, занятых практической разработкой конструкций вьжлючателей, их испытанием и исследованием, и будет полезна научнвш сотрудникам, аспирантам и студентам вузов.Ил. 178. Табл. 74.
|
| 461 |
|
1 |
|0 (RuTPU)RU\TPU\book\289376
|t Электрическая дуга большой мощности в выключателях
|o в 2 ч.
|f В. П. Мещеряков
|v Ч. 1
|d 2006-2008
|
| 606 |
1 |
|
|a Электрическая дуга
|x Гашение
|2 stltpush
|3 (RuTPU)RU\TPU\subj\26838
|9 50679
|
| 610 |
1 |
|
|a плазма
|
| 610 |
1 |
|
|a электрические разряды
|
| 610 |
1 |
|
|a металлы
|
| 610 |
1 |
|
|a пары
|
| 610 |
1 |
|
|a газы
|
| 610 |
1 |
|
|a теплофизические свойства
|
| 610 |
1 |
|
|a электрофизические свойства
|
| 610 |
1 |
|
|a низковольтные выключатели
|
| 610 |
1 |
|
|a дуга большой мощности
|
| 675 |
|
|
|a 621.316.932
|v 3
|
| 801 |
|
1 |
|a RU
|b 63413507
|c 20150324
|
| 801 |
|
2 |
|a RU
|b 63413507
|c 20150402
|g RCR
|
| 942 |
|
|
|c BK
|